000 00756cam a22002173a 4500
001 39441
003 PGUSA
005 20140828083857.0
008 120413s2012||||xxu|||||s|||||000 | eng d
040 _aPGUSA
_beng
042 _adc
100 1 _aLeibniz, Gottfried Wilhelm, Freiherr von,
_d1646-1716
245 1 0 _aLeibnitz' Monadologie :
_bDeutsch mit einer Abhandlung über Leibnitz' und Herbart's Theorieen des wirklichen Geschehens
_h[electronic resource] /
_cGottfried Wilhelm, Freiherr von Leibniz
260 _bProject Gutenberg,
_c2012
506 _aPublic domain in the USA.
516 _aElectronic text
700 1 _aZimmermann, Robert
830 0 _aProject Gutenberg
_v39441
856 4 0 _uhttp://www.gutenberg.org/ebooks/39441
942 _cEB
999 _c268694
_d268694